01799nam a2200229 a 450000100100000000500170001000800410002702000180006808200130008610000320009924500550013126000300018630000100021650000760022650000300030250000680033250000440040052010510044465000210149565000270151665000260154300002532520200120222109.0031022s2002 col0 gr0 000 d a958-04-7017-004a928bG170 aGarcía Márquez, Gabriel10aVivir para contarla /cGabriel García Márquez. aBogotá :bNorma,c2002. a579p. aEj.2 de Biblioteca CSC Funza: ISBN actualizado: 9789580470175 Mayo 2014 a4a. reimpresión de 2003 aEj.1 de Mosquera donado por la Biblioteca Nacional - PNLB 2012. aEj.2 de Biblioteca Chicalá. Mayo 20143 a"Las memorias de Gabriel García Márquez. El tomo, con 528 páginas, cuenta la historia de sus abuelos maternos, los amores de su padre, un ámbito de su vida familiar especialmente querida por García Márquez y, por fín, su propia vida hasta 1955, fecha de su definitiva dedicación a la literatura con la aparición de su primera novela, La Hojarasca. El nacimiento de su vocación por el periodismo y su viaje a Europa como corresponsal de El Espectador también ocupan una parte muy importante del volumen. La escritura de las Memorias de Gabriel García Márquez ha sido motivo de gran atención por parte de su público lector, críticos y editores de todo el mundo especialmente cuando, después de superar una grave enfermedad, el escritor se encerró para culminar esta obra, por lo tanto es uno de los libros más esperados de los últimos años en el que podemos apreciar su gran maestría narrativa. Cada etapa de su vida en este primer volumen, nos recuerda las historias de algunas de sus primeras novelas."14aAutobiografías14aEscritores colombianos14aLiteratura colombiana